000 00461cam a22001931 4500
001 ne 65000151
003 DLC
005 20260227111810.0
008 890513q xx 000 0 ara
010 _ane 65000151
035 _a(OCoLC)23494857
040 _aDLC
_cMiU
_dDLC
050 0 0 _aPJ7842.H315
_bM3
100 1 _aKhalīlī, Jaʻfar.
245 1 0 _aMajmaʻ al-mutanāqiḍāt.
260 _c[19-]
300 _a101 p.
_c17 cm.
500 _aRomanized.
999 _c47876
_d47876